000 01140nac a22003017a 4500
001 BR8101343
003 BR-BrBNA
005 20240105114935.0
008 230509b bl.|||m| |||| 00| 0 por d
040 _aBR-BrBNA
_bpor
_cBiblioteca Nacional de Agricultura
072 _aF30
090 _a0430 BR8101343
100 1 _aAzevedo, J.N. de
110 1 _aEmpresa de Pesquisa Agropecuaria do Estado de Alagoas, Maceio (Brasil)
_94111
245 1 _aComportamento de cultivares e linhagens de algodoeiro herbaceo no sertao de Alagoas [Gossypium herbaceum; Brasil]
246 1 _a[Performance of herbaceous cotton cultivars and strains in the arid areas of Alagoas [Gossypium herbaceum; Brazil]]
260 3 _aMaceio, AL (Brasil):
_c1981.
300 _a3 p.
490 _aPesquisa em Andamento - Empresa de Pesquisa Agropecuaria do Estado de Alagoas (Brazil)
_vno. 2
_x
650 _aMelhoramento genetico vegetal
650 _aAlgodao
650 _aComportamento de variedade
650 _aLinhagem
650 _aAlgodao herbaceo
650 _aAlagoas
909 _a202312
_bLúcia Elande
_c55
_dLúcia Elande
942 _2AGRIS
_n0
_cMS
999 _c272159
_d272159